Indian financial system / (Record no. 82926)

MARC details
000 -LEADER
fixed length control field 00608nam a22002177a 4500
005 - DATE AND TIME OF LATEST TRANSACTION
control field 20140312104107.0
010 ## - LCCN (DPL NO)
LC control number ENG-109536
020 ## - INTERNATIONAL STANDARD BOOK NUMBER
Terms of availability 599.00
International Standard Book Number 9781259097980
020 ## - INTERNATIONAL STANDARD BOOK NUMBER
Terms of availability 599.00
International Standard Book Number 1259097986
035 ## - SYSTEM CONTROL NUMBER
System control number EN-93069
037 ## - SOURCE OF ACQUISITION
Source of stock number/acquisition DBAD/PUB
082 ## - DEWEY DECIMAL CLASSIFICATION NUMBER
Classification number 336.54
100 ## - MAIN ENTRY--PERSONAL NAME
Personal name Khan, M.Y.
245 00 - TITLE STATEMENT
Title Indian financial system /
Statement of responsibility, etc by M.Y. Khan
250 ## - EDITION STATEMENT
Edition statement 8th ed
260 ## - PUBLICATION, DISTRIBUTION, ETC. (IMPRINT)
Place of publication, distribution, etc New Delhi
Name of publisher, distributor, etc McGraw Hill Education
Date of publication, distribution, etc 2013
270 ## - ADDRESS
Address P-24, Green Park Extn.
City New Delhi
Postal code 110016
300 ## - PHYSICAL DESCRIPTION
Extent various pagings
Dimensions 24cm(pbk)
500 ## - GENERAL NOTE
General note Includes index
942 ## - ADDED ENTRY ELEMENTS (KOHA)
Source of classification or shelving scheme Dewey Decimal Classification
Item type English Books
Call number suffix KHA
Classification part 336.54
Holdings
Withdrawn status Lost status Not for loan Collection code Home library Current library Date acquired Source of acquisition Cost, normal purchase price Full call number Barcode Copy number Cost, replacement price Koha item type
    Not For Loan Non-fiction D.B.Act.Division D.B.Act.Division 06/03/2014 DBAD/PUB 599.00 336.54 KHA EN-93069 1 599.00 English Books

© Delhi Public Library
Hit Counter
free hit counter